बिहार; (Record no. 198466)
[ view plain ]
| 000 -LEADER | |
|---|---|
| fixed length control field | 00752nam a22001817a 4500 |
| 005 - DATE AND TIME OF LATEST TRANSACTION | |
| control field | 20231108142028.0 |
| 010 ## - LCCN (DPL NO) | |
| LC control number | HIN-126068 |
| 020 ## - INTERNATIONAL STANDARD BOOK NUMBER | |
| International Standard Book Number | 9789355323798 |
| Terms of availability | 475.00 |
| 035 ## - SYSTEM CONTROL NUMBER | |
| System control number | HN-98414 |
| 037 ## - SOURCE OF ACQUISITION | |
| Source of stock number/acquisition | DBAD/PUB |
| 082 ## - DEWEY DECIMAL CLASSIFICATION NUMBER | |
| Classification number | 954.53 |
| 100 ## - MAIN ENTRY--PERSONAL NAME | |
| Personal name | सिंह,संजय |
| 245 ## - TITLE STATEMENT | |
| Title | बिहार; |
| Remainder of title | एक समग्र अध्ययन/ |
| Statement of responsibility, etc | संजय सिंह |
| 260 ## - PUBLICATION, DISTRIBUTION, ETC. (IMPRINT) | |
| Place of publication, distribution, etc | तमिलनाडु , |
| Name of publisher, distributor, etc | McGraw Hill |
| Date of publication, distribution, etc | 2024 |
| 270 ## - ADDRESS | |
| Address | अंजना काम्प्लेक्स न.5/90ए , बट रोड , सत.थॉमस माउंट , |
| City | चेन्नई |
| Postal code | 600016 |
| 300 ## - PHYSICAL DESCRIPTION | |
| Extent | 458 पृ. |
| Other physical details | 24सेमी.(अजिल्द) |
| 942 ## - ADDED ENTRY ELEMENTS (KOHA) | |
| Source of classification or shelving scheme | Dewey Decimal Classification |
| Item type | Hindi Books |
| Classification part | 954.53 |
| Call number suffix | सिंहस |
| Withdrawn status | Lost status | Not for loan | Collection code | Home library | Current library | Date acquired | Source of acquisition | Cost, normal purchase price | Full call number | Barcode | Copy number | Cost, replacement price | Koha item type |
|---|---|---|---|---|---|---|---|---|---|---|---|---|---|
| Non-fiction | Bawana | Bawana | 20/09/2023 | DBAD/PUB | 475.00 | 954.53 सिंहस | HN-98414 | 1 | 475.00 | Hindi Books |
